|
000
|
01030nam0 2200301 45
|
|
001
|
1019302054
|
|
005
|
20060314134434.60
|
|
010
|
|
@dCNY0.75
|
|
091
|
|
@aCN@b10111.1255
|
|
100
|
|
@a19901115d1981 fk y0chiy0120 ea
|
|
101
|
0
|
@achi
|
|
102
|
|
@aCN@b440000
|
|
105
|
|
@ay z 000yy
|
|
200
|
1
|
@a白香词谱笺@ABai Xiang Ci Pu Jian@f(清)舒梦兰辑@F(Qing )Shu Meng Lan Ji@g谢朝征笺@g柳淇校订
|
|
210
|
|
@a广州@c广东人民出版社@d1981.12
|
|
215
|
|
@a196页@d19cm
|
|
330
|
|
@a《白香词谱》为清代舒梦兰编选;本书笺者谢朝征在旧籍中搜集有关词人的遗闻轶事以及词话、词评等,为之作笺,把书中有关词人的传记或写作轶事或后人的评论等分别条系于各家作品之后,增添了阅读趣味。
|
|
605
|
|
@a<<白香词谱>>@x注释
|
|
606
|
|
@a词(文学)@y中国@z古代@x选集
|
|
606
|
|
@a词律@x注释@y中国@z清代(1636-1911)
|
|
606
|
0
|
@a文学@x中国
|
|
610
|
1
|
@a词谱
|
|
690
|
|
@aI2@v3
|
|
701
|
0
|
@a舒梦兰@AShu Meng Lan ,@f清代@4辑
|
|
702
|
0
|
@a柳淇@ALiu Qi@4校订
|
|
702
|
0
|
@a谢朝征@AXie Chao Zheng@4笺
|
|
801
|
0
|
@c20060314
|
|
905
|
|
@a10447@dI2@e1245
|
|
|
|
|
| |
| 白香词谱笺/(清)舒梦兰辑/谢朝征笺/柳淇校订.-广州:广东人民出版社,1981.12 |
| 196页;19cm |
| |
| |
| ISBN :CNY0.75 |
| 《白香词谱》为清代舒梦兰编选;本书笺者谢朝征在旧籍中搜集有关词人的遗闻轶事以及词话、词评等,为之作笺,把书中有关词人的传记或写作轶事或后人的评论等分别条系于各家作品之后,增添了阅读趣味。 |
| ● |
正题名:白香词谱笺
索取号:I2/1245
 
预约/预借
| 序号
|
登录号
|
条形码
|
馆藏地/架位号
|
状态
|
备注
|
|
1
|
37494
|
200374941
|
海科密-1楼/35架2列7层/
[索取号:I2/1245]
|
在馆
|
|